Catálogo

Ciudad de los Ángeles / (Registro nro. 24505)

Detalles MARC
000 -LEADER
fixed length control field 00900nam a2200277 i 4500
001 - CONTROL NUMBER
control field 24505
003 - CONTROL NUMBER IDENTIFIER
control field Mx-PuUPA
005 - DATE AND TIME OF LATEST TRANSACTION
control field 20250922152054.0
008 - FIXED-LENGTH DATA ELEMENTS--GENERAL INFORMATION
fixed length control field 140415s1967 mx a gr 001 0 spa d
040 ## - CATALOGING SOURCE
Transcribing agency Mx-PuUPA
Original cataloging agency Mx-PuUPA
Language of cataloging spa
Modifying agency Mx-PuUPA
Description conventions rda
041 0# - LANGUAGE CODE
Language code of text/sound track or separate title spa
043 ## - GEOGRAPHIC AREA CODE
Source of local code mx-mxbn
Local GAC code n-mx-pu
100 1# - MAIN ENTRY--PERSONAL NAME
Personal name Rivero Carvallo, José,
Relator term autor
9 (RLIN) 5571
245 13 - TITLE STATEMENT
Title Ciudad de los Ángeles /
Statement of responsibility, etc. José Rivero Carvallo
250 #3 - EDITION STATEMENT
Edition statement Tercera edición /
Remainder of edition statement aumentada
264 #3 - PRODUCTION, PUBLICATION, DISTRIBUTION, MANUFACTURE, AND COPYRIGHT NOTICE
Place of production, publication, distribution, manufacture Puebla, México :
Name of producer, publisher, distributor, manufacturer Impresos López,
Date of production, publication, distribution, manufacture, or copyright notice 1967
300 ## - PHYSICAL DESCRIPTION
Extent 278 páginas :
Other physical details ilustraciones ;
Dimensions 23 cm
336 ## - CONTENT TYPE
Fuente rdacontent
Content type term texto
Content type code txt
337 ## - MEDIA TYPE
Source rdamedia
Media type term sin medio
Media type code n
338 ## - CARRIER TYPE
Source rdacarrier
Carrier type term volumen
Carrier type code nc
651 #4 - SUBJECT ADDED ENTRY--GEOGRAPHIC NAME
Geographic name Puebla de Zaragoza (México)
General subdivision Historia
942 ## - ADDED ENTRY ELEMENTS (KOHA)
Source of classification or shelving scheme Dewey Decimal Classification
Koha item type Libro
Classification part 972.48
Item part R66
Existencias
Withdrawn status Lost status Source of classification or shelving scheme Damaged status Not for loan Collection code Home library Current library Shelving location Date acquired Source of acquisition Cost, normal purchase price Total Checkouts Full call number Barcode Date last seen Cost, replacement price Price effective from Koha item type
    Dewey Decimal Classification   Consulta en sala Puebla Biblioteca Karol Wojtyla Biblioteca Karol Wojtyla Área de silencio 03/12/2013 Donación 0.00   972.48 R66 1967 45769 05/01/2026 0.00 03/12/2013 Libro